Album | Artist | % Correct | |
---|---|---|---|
9 | Back to Black | Amy Winehouse | 87%
|
11 | The Miseducation of ______ ____ | Lauryn Hill | 60%
|
6 | Lemonade | Beyoncé | 53%
|
1 | Norman Fucking Rockwell! | Lana Del Rey | 40%
|
14 | folklore | Taylor Swift | 40%
|
2 | Melodrama | Lorde | 20%
|
4 | Homogenic | Björk | 13%
|
7 | Vespertine | Björk | 13%
|
5 | Punisher | Phoebe Bridgers | 13%
|
17 | CTRL | SZA | 13%
|
12 | E•MO•TION | Carly Rae Jepsen | 7%
|
3 | Fetch The Bolt Cutters | Fiona Apple | 7%
|
10 | The Idler Wheel... | Fiona Apple | 7%
|
18 | MAGDALENE | FKA Twigs | 7%
|
20 | Art Angels | Grimes | 7%
|
8 | Ys | Joanna Newsom | 7%
|
13 | Golden Hour | Kacey Musgraves | 7%
|
15 | Titanic Rising | Weyes Blood | 7%
|
19 | Have One on Me | Joanna Newsom | 0%
|
16 | A Seat at the Table | Solange | 0%
|
Copyright H Brothers Inc, 2008–2024
Contact Us | Go To Top | View Mobile Site